| 000 | 00591nam a2200217Ia 4500 | ||
|---|---|---|---|
| 003 | OSt | ||
| 005 | 20220928145206.0 | ||
| 006 | a|||||r|||| 00| 0 | ||
| 007 | ta | ||
| 008 | 220927b |||||||| |||| 00| 0 eng d | ||
| 024 | _a79373 | ||
| 037 | _cTextual | ||
| 040 |
_aSDCL _cSDCL _beng |
||
| 041 |
_2eng _aeng |
||
| 082 | _aY12:414.73'N8, M0 | ||
| 100 |
_aBauman Karl E _9512062 |
||
| 245 | 0 |
_aPredicting adolescent - drug use _b Utility structure and marijuana. |
|
| 260 | _c1980 | ||
| 942 |
_hY12:414.73'N8, M0 _cTEXL _2CC |
||
| 999 |
_c832467 _d832467 |
||